| 000 -LEADER |
| fixed length control field |
01074nam a22001937a 4500 |
| 005 - DATE AND TIME OF LATEST TRANSACTION |
| control field |
20260122160746.0 |
| 008 - FIXED-LENGTH DATA ELEMENTS--GENERAL INFORMATION |
| fixed length control field |
230718b ||||| |||| 00| 0 eng d |
| 040 ## - CATALOGING SOURCE |
| Transcribing agency |
SSBUL |
| Modifying agency |
SSBUL |
| 082 ## - DEWEY DECIMAL CLASSIFICATION NUMBER |
| Edition number |
23 |
| Classification number |
၉၁၀ ထွန်း ၁၆၀၄၈ (S-SAT) |
| 100 0# - MAIN ENTRY--PERSONAL NAME |
| Personal name |
ထွန်းအောင်၊ |
| Titles and words associated with a name |
ဦး။ |
| 9 (RLIN) |
28095 |
| 245 10 - TITLE STATEMENT |
| Title |
ကမ္ဘာ့တိုက်ကြီးများ ပဌမတွဲ အာရှဥရောပနှင့် ဩစတြေလေရှ / |
| Statement of responsibility, etc. |
ဦးထွန်းအောင်၊ ဦးဘိုးသွယ်နှင့် ဦးတိုးမြိုင်။ |
| 300 ## - PHYSICAL DESCRIPTION |
| Extent |
၂၅၆ စာမျက်နှာ၊ |
| Other physical details |
မြေပုံများ၊ |
| Dimensions |
၁၈ စင်တီ။ |
| 440 ## - SERIES STATEMENT/ADDED ENTRY--TITLE |
| Title |
ခေတ်သစ်ဒေသန္တရ ပထဝီစာစဉ်။ |
| 9 (RLIN) |
28099 |
| 500 ## - GENERAL NOTE |
| General note |
S-SAT: Dr. Prof Sai Aung Tun |
| 650 ## - SUBJECT ADDED ENTRY--TOPICAL TERM |
| Topical term or geographic name entry element |
ပထဝီဝင် ပညာ။ |
| 9 (RLIN) |
28100 |
| 700 ## - ADDED ENTRY--PERSONAL NAME |
| Personal name |
ဘိုးသွယ်၊ |
| Titles and other words associated with a name |
ဦး။ |
| 9 (RLIN) |
28097 |
|
| Personal name |
တိုးမြိုင်၊ |
| Titles and other words associated with a name |
ဦး။ |
| 9 (RLIN) |
28101 |
| 942 ## - ADDED ENTRY ELEMENTS (KOHA) |
| Source of classification or shelving scheme |
|
| Koha item type |
Book (Short term) |